Metropolitný inštitút Bratislava – Kulíškova, Svätoplukova

Enregistré dans:
Détails bibliographiques
Auteur principal: Korkošová, Lujza (Auteur)
Autres auteurs: Fečík, Maroš (Directeur de thèse)
Format: Manuscrit Livre
Langue:slovaque
Publié: Bratislava 2021
Sujets:
Accès en ligne:http://is.stuba.sk/zp/portal_zp.pl?podrobnosti=145892
Tags: Ajouter un tag
Pas de tags, Soyez le premier à ajouter un tag!

MARC

LEADER 00000ntm a22000003a 4500
001 stuzp84453
003 SK-STU
005 20220210105851.7
007 ta
008 150427s2015----xo-----f-mn---000-0-slo-d
040 |a STU  |b slo 
041 0 |a slo 
100 1 |a Korkošová, Lujza  |u 058180  |4 aut  |U FAD Fakulta architektúry a dizajnu  |T FAD Ústav architektúry občianskych budov  |X 93683  |U A8180  |Y 399  |7 93683 
242 0 1 |a Metropolitan Institute Bratislava – Kulíškova, Svätoplukova  |y eng 
245 1 0 |a Metropolitný inštitút Bratislava – Kulíškova, Svätoplukova 
260 |c 2021  |a Bratislava 
650 4 |a Administratívna budova  |2 slo 
650 4 |a Metropolitný inštitút Bratislava  |2 slo 
650 4 |a bakalárska práca  |2 slo 
650 4 |a Metropolitan institute Bratislava  |2 eng 
650 4 |a Administrative building  |2 eng 
650 4 |a bachelor thesis  |2 eng 
700 1 |a Fečík, Maroš  |u 058180  |k Z8  |4 ths  |U FAD Fakulta architektúry a dizajnu  |T FAD Ústav architektúry občianskych budov  |X 67967  |U A8180  |Y 399  |7 67967 
856 4 |u http://is.stuba.sk/zp/portal_zp.pl?podrobnosti=145892  |u https://opac.crzp.sk/?fn=detailBiblioForm&sid=6327E39BEACEDA0309030D820365